Statistics for Glee Songs by Artist

Click here to take the quiz!

General Stats

  • This quiz has been taken 1,249 times
  • The average score is 7 of 15

Answer Stats

HintAnswer% Correct
Smooth CriminalMichael Jackson
94%
WomanizerBritney Spears
73%
StarshipsNicki Minaj
72%
Take A BowRihanna
65%
Back to BlackAmy Winehouse
64%
Papa Don't PreachMadonna
62%
I Wanna Hold Your HandThe Beatles
61%
Dog Days Are OverFlorence + the Machine
48%
How Deep Is Your LoveThe Bee Gees
38%
OneU2
28%
Push ItSalt N' Pepa
26%
SongbirdFleetwood Mac
24%
My ManBarbra Streisand
19%
Heads Will RollThe Yeah Yeah Yeahs
16%
The First Time Ever I Saw Your FaceRoberta Flack
11%

Score Distribution

Percentile by Number Answered

Percent of People with Each Score

Your Score History

You have not taken this quiz